Hidrogeología
Salvato in:
| Autori principali: | , |
|---|---|
| Natura: | Libro |
| Lingua: | spagnolo |
| Pubblicazione: |
Barcelona
Ariel
1971
|
| Soggetti: | |
| Tags: |
Aggiungi Tag
Nessun Tag, puoi essere il primo ad aggiungerne!!
|
MARC
| LEADER | 00000nam a2200000 a 4500 | ||
|---|---|---|---|
| 001 | UCU4088 | ||
| 003 | CL-VaPUC | ||
| 008 | 960517e19710000SP |||||||||||||||||spa|d | ||
| 082 | 0 | 4 | |a 551.48 |b DAV |2 21 |
| 100 | 0 | |a Davis, Stanley N |e author |9 361505 | |
| 700 | 0 | |a De Wiest, Roger J |e author |9 361506 | |
| 245 | 1 | 0 | |a Hidrogeología |
| 300 | |a 563 p | ||
| 942 | |c BK | ||
| 945 | |d 19960517 00:00:00 |a paguirre | ||
| 260 | |a Barcelona |b Ariel |c 1971 | ||
| 650 | 0 | |a Hidrogeología |9 262905 | |
| 650 | 0 | |a Geología |9 260984 | |
| 650 | 0 | |a Hidrología |9 261396 | |
| 650 | 0 | |a Agua |9 257149 | |
| 650 | 0 | |a Aguas subterráneas |9 260378 | |
| 650 | 7 | |a ESTRATIGRAFIA |2 CL-VaPUC |9 361507 | |
| 583 | |a last modification |c 20111129 09:48:48 |k Rodrigo Vera | ||
| 999 | |c 247912 |d 247910 | ||
| 952 | |0 0 |1 0 |4 0 |6 551_480000000000000_DAV_1971 |7 0 |8 A |9 264164 |a BIBING |b BIBING |d 2019-11-19 |i 1659774 |o 551.48 DAV 1971 |p 1659774 |r 2025-01-20 |w 2019-11-19 |y BK |k GEO | ||